Kétszáz gyerek tudáspróbája a Katedra Alapítvány hat esztendeje indított tanulmányi versenye egyre népszerűbb ...

Bibliographic Details
Main Author: Nagy, Attila, 1975- (Author)
Format: Article
Language:Hungarian
PhysicalDescription:Fotogr.
Subjects:

MARC

LEADER 00000nab a2200000 a 4500
001 vtls000757749
003 SK-MaSNL
005 20260318132725.0
008 160405c2001 xo 0 hun
015 |a SNBRB2001/05-16206 
035 |a CLN000109536 
040 |a SNKBUCL  |b slo  |c SNKBUCL  |e AACR2 
041 0 |a hun 
044 |a xo  |c SK 
080 |a 371.385  |2 1997 
080 |a 372.8:373.3(437.6=945.11):06.063  |2 1997 
080 |a 37:061.237(=945.11)(437.6)  |2 1997 
100 1 |a Nagy, Attila,  |d 1975-  |4 aut  |9 107217 
245 1 0 |a Kétszáz gyerek tudáspróbája  |b a Katedra Alapítvány hat esztendeje indított tanulmányi versenye egyre népszerűbb ...  |c Nagy Attila 
300 |b Fotogr. 
610 2 7 |a Nadácia Katedra  |x žiacke súťaže  |2 SNK  |9 1223539 
650 0 7 |a základné školy s vyučovacím jazykom maďarským  |2 SNKPH  |9 87207 
650 0 7 |a žiacke súťaže  |2 SNK  |9 1032048 
651 7 |a 201  |2 snkbucl  |9 294639 
655 7 |a články z novín a časopisov  |2 SNK  |9 267496 
773 0 |t Új szó  |g Roč. 54, č. 86 (12.4.2001), s. 14 
850 |a Slovenská národná knižnica v Martine 
852 |a SNK  |b KIS3GCP 
958 |a HU 
958 |a SK 
958 |a RBX 
999 |c 2149019  |d 2150949